header

Jan Hus (Record no. 136266)

MARC details
000 -LEADER
fixed length control field 01373nam a2200349 a 4500
100 1# - MAIN ENTRY--AUTHOR NAME
Personal name Fudge, Thomas A.
245 10 - TITLE STATEMENT
Title Jan Hus
260 ## - PUBLICATION, DISTRIBUTION, ETC. (IMPRINT)
Place of publication London :
Name of publisher I.B. Tauris,
Year of publication 2010.
300 ## - PHYSICAL DESCRIPTION
Number of Pages xvi, 367 p. :
Other physical details ill., maps.
650 #0 - SUBJECT ADDED ENTRY--TOPICAL TERM
Topical Term Reformation
Topical Term Church history
Topical Term Reformation
Topical Term Hussites.
856 40 - ELECTRONIC LOCATION AND ACCESS
Uniform Resource Identifier http://site.ebrary.com/lib/rucke/Doc?id=10445314

No items available.

© 2026 Rongo University
Contact us: librarian | system librarian | Rongo university